Southville International School and Colleges
Your cart is empty.
  • Cart
  • Lists
    Public lists Eva Luna New books Lux_list list_1
    Your lists Log in to create your own lists
  • Log in to your account
  • Your cookies
  • Search history
Southville International School and Colleges
  • Advanced search
  • Recent comments
  • Most popular
  • Libraries

Log in to your account

Log in with GOOGLE


If you do not have an external account, but do have a local account, you can still log in:

  1. Home
  2. MARC view: A bit more Bert /
Normal view MARC view ISBD view

A bit more Bert / (Record no. 105558)

[ view plain ]
MARC details
000 -LEADER
fixed length control field 00444nam a2200157 a 4500
005 - DATE AND TIME OF LATEST TRANSACTION
control field 20140412111406.0
008 - FIXED-LENGTH DATA ELEMENTS--GENERAL INFORMATION
fixed length control field 070809s19uu xx 00 eng d
020 ## - INTERNATIONAL STANDARD BOOK NUMBER
International Standard Book Number 0-670-89331-5
050 ## - LIBRARY OF CONGRESS CALL NUMBER
Classification number ER
Item number Ab59 2002
100 ## - MAIN ENTRY--PERSONAL NAME
Personal name Ahlberg, Allan
245 ## - TITLE STATEMENT
Title A bit more Bert /
Statement of responsibility, etc Allan Ahlberg ; Raymond Briggs.
260 ## - PUBLICATION, DISTRIBUTION, ETC. (IMPRINT)
Place of publication, distribution, etc England :
Name of publisher, distributor, etc Puffin Books,
Date of publication, distribution, etc c2002.
300 ## - PHYSICAL DESCRIPTION
Extent [unp.] : col. , ill. ; cm.
700 ## - ADDED ENTRY--PERSONAL NAME
Personal name Briggs, Raymond
Holdings
Withdrawn status Lost status Damaged status Home library Current library Shelving location Date acquired Source of acquisition Total Checkouts Full call number Barcode Date last seen Price effective from Koha item type
      Elizalde Library Elizalde Library Easy Reading Section 08/09/2007     ER Ab59 2002 E10338 04/12/2014 04/12/2014 Books

A bit more Bert /

APA

Ahlberg A., Briggs R., . (2002). A bit more Bert. England: Puffin Books.

Chicago

Ahlberg Allan, Briggs Raymond, . 2002. A bit more Bert. England: Puffin Books.

Harvard

Ahlberg A., Briggs R., . (2002). A bit more Bert. England: Puffin Books.

MLA

Ahlberg Allan, Briggs Raymond, . A bit more Bert. England: Puffin Books. 2002.

  • Place hold
  • Print
  • Cite
  • Add to your cart (remove)
  • Save record
    BIBTEX Dublin Core MARCXML MARC (non-Unicode/MARC-8) MARC (Unicode/UTF-8) MARC (Unicode/UTF-8, Standard) MODS (XML) RIS
  • More searches
    Search for this title in:
    Other Libraries (WorldCat) Other Databases (Google Scholar) Online Stores (Bookfinder.com) Open Library (openlibrary.org)

Exporting to Dublin Core...

SOUTHVILLE LIBRARY

Southville International School and Colleges Library

1281 Tropical Ave. Cor. Luxembourg St., BF Homes International, Las Pinas City

Tel. No. 8256374 / 252358 Loc. 117/146

Powered by Koha